Faculty of Law Library — Cairo University

Official Online Catalog

Traité de l'occupation : (Record no. 55275)

MARC details
000 -LEADER
fixed length control field 01221nam a22003017i 4500
003 - CONTROL NUMBER IDENTIFIER
control field EG-GICUC
005 - DATE AND TIME OF LATEST TRANSACTION
control field 20260121101659.0
008 - FIXED-LENGTH DATA ELEMENTS--GENERAL INFORMATION
fixed length control field 260107s1873 fr ||||fr||| 00|00 fre d
040 ## - CATALOGING SOURCE
Original cataloging agency EG-GiCUC
Transcribing agency EG-GiCUC
Modifying agency EG-GiCUC
Description conventions Rda
Language of cataloging fre
041 ## - LANGUAGE CODE
Language code of text/sound track or separate title fre
082 04 - DEWEY DECIMAL CLASSIFICATION NUMBER
Edition number 21
Classification number 341.62
Item number TA . T
092 04 - LOCALLY ASSIGNED DEWEY CALL NUMBER (OCLC)
Edition number 21
099 ## - LOCAL FREE-TEXT CALL NUMBER (OCLC)
Classification number Law1 11 341.62 TA . T 1873
100 1# - MAIN ENTRY--PERSONAL NAME
Personal name Tartarin, Ed.
Relator term Auteur
245 10 - TITLE STATEMENT
Title Traité de l'occupation :
Remainder of title Suivant Le Droit Naturel, Le Droit Civil Et Le Droit International /
Statement of responsibility, etc. par Ed. Tartarin.
264 #1 - PRODUCTION, PUBLICATION, DISTRIBUTION, MANUFACTURE, AND COPYRIGHT NOTICE
Place of production, publication, distribution, manufacture paris :
Name of producer, publisher, distributor, manufacturer Maresq aine,
Date of production, publication, distribution, manufacture, or copyright notice 1873.
300 ## - PHYSICAL DESCRIPTION
Extent 234 Pages :
Dimensions 24 cm.
336 ## - CONTENT TYPE
Source rda contenu
Content type term texte
337 ## - MEDIA TYPE
Source rda medias
Media type term Ordinateur
338 ## - CARRIER TYPE
Source transporteur rda
Carrier type term Ressource en ligne
504 ## - BIBLIOGRAPHY, ETC. NOTE
Bibliography, etc. note Include Bibliographic references
505 ## - FORMATTED CONTENTS NOTE
Formatted contents note Contenant<br/><br/>1º L'exposé Des Principes Généraux;<br/><br/>2. L'examen Complet Des Res Nullius D'après Les Textes;<br/><br/>3º Une Étude Sur L'occupation Des Choses Incorporelles<br/><br/>Et 4º Sur Les Effets De L'occupation Militaire,
546 ## - LANGUAGE NOTE
Language note Texte en français
650 14 - SUBJECT ADDED ENTRY--TOPICAL TERM
Topical term or geographic name entry element Guerre -- Moyens et méthodes
General subdivision Droit international public
856 40 - ELECTRONIC LOCATION AND ACCESS
Uniform Resource Identifier <a href="https://fll.law.cu.edu.eg/fulltext/bks/B11-06719.pdf">https://fll.law.cu.edu.eg/fulltext/bks/B11-06719.pdf</a>
905 ## - Cataloger and Reviser Names
Cataloger Name: Rawan khaled
942 ## - ADDED ENTRY ELEMENTS (KOHA)
Source of classification or shelving scheme Dewey Decimal Classification
Koha item type Books
Edition 21
Suppress in OPAC No
Holdings
Withdrawn status Lost status Source of classification or shelving scheme Damaged status Not for loan Collection Home library Current library Date acquired Total checkouts Full call number Barcode Date last seen Copy number Price effective from Koha item type
    Dewey Decimal Classification   Not for loan القانون الدولي العام جــــامعة القــاهرة مكتبة كلية الحقوق - المبنى الرئيسي 07.01.2026   Law1 11 341.62 TA . T 1873 1106719 C1 B11-06719 07.01.2026 1 07.01.2026 Books

© All rights reserved — Faculty of Law, Cairo University